| 000 | 01043nam a2200253 i 4500 | ||
|---|---|---|---|
| 001 | 160612 | ||
| 003 | ES-MaACL | ||
| 005 | 20251005063125.0 | ||
| 008 | 940301m18761878sp a |||| | spa d | ||
| 040 |
_aAS _bspa |
||
| 080 | _a617 | ||
| 100 | 1 |
_aNélaton, Auguste, _d1807-1873 _9130564 |
|
| 245 | 1 | 0 |
_aElementos de patología quirúrgica / _cpor A. Nélaton ; versión española de Ramón Serret Comín y Manuel M. Carreras Sanchís. |
| 250 | _a2ª ed., considerablemente aum. | ||
| 260 |
_aMadrid : _b[s.n.], _c1876-1878 ( _fImp. de los Señores Rojas) |
||
| 300 |
_a6 v. (791 ; 879 ; 800 ; 812 ; 798 ; 914 p.) : _bil. ; _c24 cm. |
||
| 596 | _aTomos V y VI impresos en Imp. de Enrique Teodoro. | ||
| 650 | 4 |
_aPatología quirúrgica. _9136666 |
|
| 700 | 1 |
_aSerret Comín, Ramón. _9105834 |
|
| 700 | 1 |
_aCarreras Sanchís, Manuel. _935680 |
|
| 852 |
_aES-MaACL _jG-14772-77 _z- Enc. hol. |
||
| 852 |
_aES-MaACL _jL-31461 _z. - Donat. herederos de la bibl. de Mª del Pilar Costa Palacín |
||
| 999 |
_c160612 _d160612 |
||